| 000 | 00000nam##2200000za#4500 |
| 001 | 9.528076 |
| 003 | CaOODSP |
| 005 | 20200326164521 |
| 007 | ta |
| 008 | 150406|1997||||xxc||||| f|0| 0 eng|d |
| 020 | |a0-660-60121-4 |
| 040 | |aCaOODSP|beng |
| 041 | |aeng |
| 041 | |afre |
| 043 | |an-cn--- |
| 086 | 1 |aBT31-2/1998-III-81 |
| 110 | 1 |aCanada. |bTreasury Board. |
| 245 | 10|aAtlantic Canada Opportunities Agency |
| 246 | 1 |iAlternate title : |aA report on plans and priorities pilot document |
| 260 | |aOttawa - Ontario : |bTreasury Board of Canada Secretariat |c1997. |
| 300 | |aEnglish text, 62p. : |bgraphs, organization chart, tables ; |c28 cm. |
| 490 | 1 |a1997-98 estimates, part III: Expenditure plan |
| 500 | |aN.B.: A report on plans and priorities pilot document. |
| 546 | |aBilingual |
| 563 | |aSoftcover |
| 590 | |a97-08|b1997-02-21 |
| 776 | 0#|tAtlantic Canada Opportunities Agency, 1997-98 estimates, a report on plans and priorities, pilot document |w(CaOODSP)9.567611 |
| 792 | |tAgence de promotion économique du Canada atlantique |efre|w(CaOODSP)9.528077 |
| 830 | #0|a1997-98 estimates, part III: Expenditure plan.|w(CaOODSP)9.508958 |